| 000 | 00362nam a2200133Ia 4500 | ||
|---|---|---|---|
| 008 | 240624s9999 xx 000 0 und d | ||
| 041 | _aeng | ||
| 082 | _a332.63 NAV | ||
| 100 | _aNAVELLIER LOUIS | ||
| 245 | _aLITTLE BOOK THAT MAKES YOU RICH A PROVEN | ||
| 260 |
_c2007 _aNew Jersey _bJohn Wiley and Sons |
||
| 300 | _axxi, : 185 : p. : cm. ; 19 | ||
| 365 |
_c _b30 |
||
| 999 |
_c12757 _d12757 |
||